| 000 | 004390000a22001810004500 | ||
|---|---|---|---|
| 003 | MACL | ||
| 005 | 20151028151132.0 | ||
| 008 | 151028b xxu||||| |||| 00| 0 eng d | ||
| 040 |
_aMACL _cMACL |
||
| 041 | _aEnglish | ||
| 082 | _a370/SIN | ||
| 100 |
_aSingh , M.K _917193 |
||
| 245 | _aGandhi on education | ||
| 260 |
_aNew Delhi _bRajat Publications _c2008 |
||
| 350 | _a700 | ||
| 650 |
_aeducation _917194 |
||
| 942 |
_cBK _k370/SIN _2ddc |
||
| 999 |
_c44321 _d44321 |
||